ARRUPE JESUIT UNIVERSITY

CORONAVIRUS -STOP THE SPREAD - CLEAN,DISINFECT,COVER

With Rommel in the desert. (Record no. 126225)

MARC details
000 -LEADER
fixed length control field 00813cam a22002651 4500
001 - CONTROL NUMBER
control field 9779229
003 - CONTROL NUMBER IDENTIFIER
control field ARRUPE
005 - DATE AND TIME OF LATEST TRANSACTION
control field 20170224092416.0
008 - FIXED-LENGTH DATA ELEMENTS--GENERAL INFORMATION
fixed length control field 720316s1951 enka 000 0beng
010 ## - LIBRARY OF CONGRESS CONTROL NUMBER
LC control number 52006503
015 ## - NATIONAL BIBLIOGRAPHY NUMBER
National bibliography number GB51-7167
035 ## - SYSTEM CONTROL NUMBER
System control number (OCoLC)264557
040 ## - CATALOGING SOURCE
Original cataloging agency DLC
Transcribing agency OKentU
Modifying agency OCoLC
-- Uk
-- DLC
042 ## - AUTHENTICATION CODE
Authentication code premarc
050 00 - LIBRARY OF CONGRESS CALL NUMBER
Classification number D766.82
Item number .S34
082 ## - DEWEY DECIMAL CLASSIFICATION NUMBER
Classification number 940.542
300 ## - PHYSICAL DESCRIPTION
Other physical details illus.
Dimensions 21 cm.
100 1# - MAIN ENTRY--PERSONAL NAME
Personal name Schmidt, Heinz Werner,
Dates associated with a name 1916-
9 (RLIN) 29068
245 10 - TITLE STATEMENT
Title With Rommel in the desert.
Statement of responsibility, etc Heinz Werner Schmidt
260 ## - PUBLICATION, DISTRIBUTION, ETC. (IMPRINT)
Place of publication, distribution, etc London,
Name of publisher, distributor, etc George G. Harrap
Date of publication, distribution, etc [1951]
300 ## - PHYSICAL DESCRIPTION
Extent 240 p.
600 10 - SUBJECT ADDED ENTRY--PERSONAL NAME
Personal name Rommel, Erwin,
Dates associated with a name 1891-1944.
9 (RLIN) 29069
650 #0 - SUBJECT ADDED ENTRY--TOPICAL TERM
Topical term or geographic name as entry element World War, 1939-1945
General subdivision Campaigns
Geographic subdivision Africa, North.
9 (RLIN) 5975
906 ## - LOCAL DATA ELEMENT F, LDF (RLIN)
a 7
b cbc
c oclcrpl
d u
e ncip
f 19
g y-gencatlg
942 ## - ADDED ENTRY ELEMENTS (KOHA)
Source of classification or shelving scheme Library of Congress Classification
Koha item type Monograph ( Printed materials)
Holdings
Withdrawn status Lost status Source of classification or shelving scheme Damaged status Not for loan Collection code Home library Current library Shelving location Date acquired Total Checkouts Full call number Barcode Date last seen Price effective from Koha item type
    Library of Congress Classification     Main Collection ARRUPE LIBRARY ARRUPE LIBRARY Main Collection 24/02/2017   D766.82 .S34 46500025686 24/02/2017 24/02/2017 Monograph ( Printed materials)

 

Arrupe Library. PO Box MP320 Mt Pleasant, Harare, Zimbabwe
263 242 745411|librarian@aju.ac.zw